[Event "Budapest FS12 FM"]
[Site "Budapest"]
[Date "2017.12.10"]
[Round "8"]
[White "Zoltan, Andras"]
[Black "Vanya, Janos"]
[Result "1/2-1/2"]
[WhiteElo "1880"]
[BlackElo "1897"]
[PlyCount "59"]
[EventDate "2017.12.02"]
[EventType "tourn"]
[EventRounds "10"]
[EventCountry "HUN"]
[SourceTitle "CBM 182 Extra"]
[Source "ChessBase"]
[SourceDate "2018.02.23"]
[SourceVersion "1"]
[SourceVersionDate "2018.02.23"]
[SourceQuality "1"]

1. e4 c5 2. Nf3 e6 3. d3 d6 4. g3 Nf6 5. Bg2 Nc6 6. 0-0 Be7 7. Re1 Qc7 8. b3 0-0 9. Bb2 e5 10. c3 Bg4 11. h3 Bh5 12. Nbd2 Rfe8 13. Rc1 Qd7 14. Qc2 Rac8 15. Qb1 b5 16. d4 Bf8 17. dxc5 dxc5 18. Rcd1 Qc7 19. Nf1 Rcd8 20. Ne3 Bg6 21. Nh4 Qb8 22. Nxg6 hxg6 23. Nd5 b4 24. cxb4 Nxb4 25. Nxf6+ gxf6 26. a3 Nc6 27. Qc2 Nd4 28. Bxd4 cxd4 29. b4 Rc8 30. Qb2 1/2-1/2

[Event "Budapest FS12 FM"]
[Site "Budapest"]
[Date "2017.12.06"]
[Round "5"]
[White "Havaskori, Laszlo"]
[Black "Zoltan, Andras"]
[Result "1-0"]
[WhiteElo "1847"]
[BlackElo "1880"]
[PlyCount "69"]
[EventDate "2017.12.02"]
[EventType "tourn"]
[EventRounds "10"]
[EventCountry "HUN"]
[SourceTitle "CBM 182 Extra"]
[Source "ChessBase"]
[SourceDate "2018.02.23"]
[SourceVersion "1"]
[SourceVersionDate "2018.02.23"]
[SourceQuality "1"]

1. d4 d5 2. Nf3 Nf6 3. c4 e6 4. Nc3 c6 5. e3 Bb4 6. Bd2 0-0 7. Bd3 Bxc3 8. Bxc3 dxc4 9. Bxc4 Nd5 10. Bd2 Nd7 11. e4 N5f6 12. e5 Nd5 13. Bd3 g6 14. h4 h5 15. Qc2 Kg7 16. Rh3 Rg8 17. Rg3 Nf8 18. a3 Bd7 19. Bg5 Qa5+ 20. Kf1 Rc8 21. b4 Qb6 22. Qd2 Nh7 23. Bh6+ Kh8 24. Rc1 Be8 25. Kg1 Rd8 26. Rc5 a6 27. Bg5 Rd7 28. Rxd5 cxd5 29. Bf6+ Nxf6 30. exf6 Kh7 31. Rg5 Rh8 32. Rxh5+ Kg8 33. Rxh8+ Kxh8 34. Qh6+ Kg8 35. Qg7# 1-0

[Event "Budapest FS12 FM"]
[Site "Budapest"]
[Date "2017.12.04"]
[Round "3"]
[White "Vanya, Janos"]
[Black "Zoltan, Andras"]
[Result "1/2-1/2"]
[WhiteElo "1897"]
[BlackElo "1880"]
[PlyCount "63"]
[EventDate "2017.12.02"]
[EventType "tourn"]
[EventRounds "10"]
[EventCountry "HUN"]
[SourceTitle "CBM 182 Extra"]
[Source "ChessBase"]
[SourceDate "2018.02.23"]
[SourceVersion "1"]
[SourceVersionDate "2018.02.23"]
[SourceQuality "1"]

1. d4 Nf6 2. c4 e6 3. Nf3 d5 4. Nc3 c6 5. Bg5 Nbd7 6. e3 Qa5 7. Bxf6 Nxf6 8. Bd3 Bb4 9. Qc2 dxc4 10. Bxc4 Nd5 11. Rc1 0-0 12. 0-0 Nxc3 13. bxc3 Be7 14. e4 b5 15. Bd3 Bb7 16. e5 h6 17. Qe2 Rab8 18. Qe4 g6 19. Bb1 Kg7 20. Qe3 Qb6 21. Nd2 c5 22. Be4 cxd4 23. cxd4 Rfd8 24. Nb3 Bxe4 25. Qxe4 Qb7 26. Qe3 Qd5 27. Rc7 Rd7 28. Rfc1 Rbd8 29. h3 Rxc7 30. Rxc7 Rd7 31. Rxd7 Qxd7 32. Qc3 1/2-1/2

[Event "Budapest FS10 FM"]
[Site "Budapest"]
[Date "2017.10.17"]
[Round "10"]
[White "Zoltan, Andras"]
[Black "Kumar, Naman"]
[Result "0-1"]
[WhiteElo "1931"]
[BlackElo "1844"]
[PlyCount "120"]
[EventDate "2017.10.07"]
[EventType "tourn"]
[EventRounds "10"]
[EventCountry "HUN"]
[SourceTitle "CBM 181 Extra"]
[Source "ChessBase"]
[SourceDate "2017.12.12"]
[SourceVersion "1"]
[SourceVersionDate "2017.12.12"]
[SourceQuality "1"]

1. e4 c5 2. Nf3 d6 3. Bb5+ Bd7 4. Bxd7+ Qxd7 5. 0-0 Nc6 6. d4 cxd4 7. Nxd4 g6 8. Be3 Bg7 9. c3 Nf6 10. f3 0-0 11. Na3 Rfc8 12. Qd2 d5 13. Nxc6 Qxc6 14. e5 Nd7 15. f4 f6 16. e6 Qxe6 17. Rad1 Nb6 18. Rfe1 Qc6 19. Bxb6 Qxb6+ 20. Qf2 Qd6 21. Nb5 Qd7 22. Nd4 e5 23. fxe5 fxe5 24. Nf3 Qd6 25. Qd2 Rd8 26. Re2 e4 27. Nd4 Qa6 28. a3 Bxd4+ 29. cxd4 Rac8 30. Rf2 Rf8 31. Rdf1 Qd6 32. Rxf8+ Rxf8 33. Rxf8+ Kxf8 34. h3 Kg7 35. Qc3 Qb6 36. b4 Qc6 37. Qe3 Qc4 38. Kh2 Qc7+ 39. Kg1 h6 40. g3 Qc4 41. Kg2 Qc2+ 42. Kg1 g5 43. g4 Kf6 44. Qg3 Qc1+ 45. Kg2 Qd2+ 46. Kh1 Qf4 47. Qc3 Qf3+ 48. Qxf3+ exf3 49. Kg1 a5 50. bxa5 Ke6 51. Kf2 Kd6 52. Kxf3 Kc6 53. a4 b5 54. axb5+ Kxb5 55. Ke3 Kxa5 56. Kd2 Kb4 57. Kd3 Kb3 58. Kd2 Kc4 59. Ke3 Kc3 60. Ke2 Kxd4 0-1

[Event "Budapest FS10 FM"]
[Site "Budapest"]
[Date "2017.10.16"]
[Round "9"]
[White "Eperjesi, Laszlo"]
[Black "Zoltan, Andras"]
[Result "1/2-1/2"]
[WhiteElo "2114"]
[BlackElo "1931"]
[PlyCount "27"]
[EventDate "2017.10.07"]
[EventType "tourn"]
[EventRounds "10"]
[EventCountry "HUN"]
[SourceTitle "CBM 181 Extra"]
[Source "ChessBase"]
[SourceDate "2017.12.12"]
[SourceVersion "1"]
[SourceVersionDate "2017.12.12"]
[SourceQuality "1"]

1. Nf3 d5 2. d4 Nf6 3. c4 e6 4. Nc3 c6 5. e3 Nbd7 6. Qc2 Bd6 7. Bd3 0-0 8. 0-0 Re8 9. e4 dxc4 10. Bxc4 e5 11. Rd1 Qe7 12. Bg5 h6 13. Bh4 exd4 14. Rxd4 1/2-1/2